Ešte raz o Donaldovi Trumpovi, USA a svete
Oneskorené a neúčinné strašenie starého washingtonského establišmentu. Krátka mediálno-politická pamäť sveta. Zmena, ak bude, sa ukáže až po čase. Ako urobiť „Ameriku znovu veľkou“. Medzinárodnopolitické problémy – nádeje i obavy. O možnostiach realizácie vízií D. Trumpa.
Salvato in:
| Autore principale: | |
|---|---|
| Natura: | Capitolo di libro |
| Lingua: | slovacco |
| Soggetti: | |
| Tags: |
Nessun Tag, puoi essere il primo ad aggiungerne!!
|
MARC
| LEADER | 00000nla a2200000 4500 | ||
|---|---|---|---|
| 001 | 0237088 | ||
| 005 | 20240502073829.0 | ||
| 041 | 0 | |a slo | |
| 044 | |a SK | ||
| 245 | 1 | 0 | |a Ešte raz o Donaldovi Trumpovi, USA a svete |c František Škvrnda |
| 520 | |a Oneskorené a neúčinné strašenie starého washingtonského establišmentu. Krátka mediálno-politická pamäť sveta. Zmena, ak bude, sa ukáže až po čase. Ako urobiť „Ameriku znovu veľkou“. Medzinárodnopolitické problémy – nádeje i obavy. O možnostiach realizácie vízií D. Trumpa. | ||
| 610 | 2 | 0 | |a prezidenti |
| 610 | 2 | 0 | |a politika zahraničná |
| 610 | 2 | 0 | |a politika svetová |
| 610 | 2 | 0 | |a USA |
| 100 | 1 | |a Škvrnda, František | |